Charcoal & pastel / (Record no. 1133)

MARC details
000 -LEADER
fixed length control field 01259pam a2200361 a 4500
005 - DATE AND TIME OF LATEST TRANSACTION
control field 20260322212048.0
008 - FIXED-LENGTH DATA ELEMENTS--GENERAL INFORMATION
fixed length control field data
010 ## - LIBRARY OF CONGRESS CONTROL NUMBER
LC control number 86013286
020 ## - INTERNATIONAL STANDARD BOOK NUMBER
International Standard Book Number 0531102262
020 ## - INTERNATIONAL STANDARD BOOK NUMBER
International Standard Book Number 9780531102268
040 ## - CATALOGING SOURCE
Original cataloging agency DLC
Transcribing agency DLC
Modifying agency DLC
042 ## - AUTHENTICATION CODE
Authentication code lcac
050 00 - LIBRARY OF CONGRESS CALL NUMBER
Classification number NC850
Item number .B65 1986
082 00 - DEWEY DECIMAL CLASSIFICATION NUMBER
Classification number 741.2
Edition information 19
092 ## - LOCALLY ASSIGNED DEWEY CALL NUMBER (OCLC)
Classification number 741.2 B65 1986
001 - CONTROL NUMBER
control field data
100 1# - MAIN ENTRY--PERSONAL NAME
Personal name Bolognese, Don.
245 10 - TITLE STATEMENT
Title Charcoal & pastel /
Statement of responsibility, etc. Don Bolognese & Elaine Raphael.
246 ## - VARYING FORM OF TITLE
Title proper/short title Charcoal and pastel
260 ## - PUBLICATION, DISTRIBUTION, ETC.
Place of publication, distribution, etc. New York :
Name of publisher, distributor, etc. F. Watts,
Date of publication, distribution, etc. 1986.
300 ## - PHYSICAL DESCRIPTION
Extent 64 p. :
Other physical details ill. ;
Dimensions 26 cm.
440 #4 - SERIES STATEMENT/ADDED ENTRY--TITLE
Title The Illustrator's library
500 ## - GENERAL NOTE
General note Spine title: Charcoal and pastel.
500 ## - GENERAL NOTE
General note Includes index.
520 ## - SUMMARY, ETC.
Summary, etc. Offers instructions in drawing with charcoal and pastel, explaining the importance of texture, line, motion, shapes, and patterns. Also discusses various types of papers, crayons, chalks, and other supplies.
650 #0 - SUBJECT ADDED ENTRY--TOPICAL TERM
Topical term or geographic name entry element Charcoal drawing
General subdivision Juvenile literature.
-- Juvenile literature.
650 #0 - SUBJECT ADDED ENTRY--TOPICAL TERM
Topical term or geographic name entry element Pastel drawing
General subdivision Juvenile literature.
-- Juvenile literature.
650 #1 - SUBJECT ADDED ENTRY--TOPICAL TERM
Topical term or geographic name entry element Charcoal drawing
General subdivision Technique.
650 #1 - SUBJECT ADDED ENTRY--TOPICAL TERM
Topical term or geographic name entry element Pastel drawing
General subdivision Technique.
650 #1 - SUBJECT ADDED ENTRY--TOPICAL TERM
Topical term or geographic name entry element Drawing
General subdivision Technique.
700 1# - ADDED ENTRY--PERSONAL NAME
Personal name Raphael, Elaine.
740 0# - ADDED ENTRY--UNCONTROLLED RELATED/ANALYTICAL TITLE
Uncontrolled related/analytical title Charcoal and pastel.
Holdings
Withdrawn status Lost status Damaged status Not for loan Home library Current library Shelving location Date acquired Total checkouts Full call number Barcode Date last seen Price effective from Koha item type
        Centerville Centerville General stacks 22/03/2026   741.2 19 BC0011170 22/03/2026 22/03/2026 Books